00707nam a22002057a 450000500170000001000150001702000260003203500140005803700090007208200110008110000240009224500310011625000060014726000490015327000810020230000200028394200220030399900190032595201570034420260602105929.0 aENG-148698 a9788119670826c450.00 aEN-132230 bDBAD a92021 aKalra, Aruna989251 aI Want A Boy/cAruna Kalra a1 aNew Delhi bVitasta Publishing Pvt Ltdc2024 a2/15, Ansari Road daryaganj,bNew Delhi e110002minfo@vitastapublishing.com a276p.c21cm(pb) 2ddccENh920mKAL c216445d216445 001040718NFICaDBADbDBADd2026-06-02eDelivery of Books Act Divisiong450.00l0o920 KALpEN-132230r2026-06-02 10:59:54t 1v450.00w2026-06-02yEN